All Disney Theatrical Animated Feature Films - Statistics

General Stats
  • This quiz has been taken 168 times
    58 since last reset
  • The average score is 51 of 118
Answer Stats
Hint Answer % Correct
December 21, 1937 Snow White and the Seven Dwarfs
98%
February 15, 1950 Cinderella
96%
November 17, 1989 The Little Mermaid
95%
November 13, 1940 Fantasia
91%
November 22, 1991 Beauty and the Beast
87%
November 23, 2016 Moana
87%
January 29, 1959 Sleeping Beauty
87%
November 25, 1992 Aladdin
85%
June 23, 1995 Pocahontas
85%
July 19, 2019* | June 24, 1994 The Lion King
82%
November 27, 2013 Frozen
80%
November 22, 1995* Toy Story
80%
June 19, 1998 Mulan
78%
November 24, 1999* Toy Story 2
78%
November 22, 2019 Frozen 2
76%
June 18, 2010* Toy Story 3
76%
October 23, 1941 Dumbo
75%
June 21, 2019* Toy Story 4
73%
June 22, 2012* Brave
71%
October 18, 1967 The Jungle Book
71%
May 30, 2003* Finding Nemo
69%
January 25, 1961 One Hundred and One Dalmatians
69%
February 7, 1940 Pinocchio
69%
June 22, 1955 Lady and the Tramp
67%
December 24, 1970 The Aristocats
67%
December 11, 2009 The Princess and the Frog
67%
June 9, 2006* Cars
65%
November 24, 2021 Encanto
65%
June 24, 2011* Cars 2
64%
June 17, 2016* Finding Dory
64%
June 27, 1997 Hercules
64%
November 27, 2024 Moana 2
64%
November 8, 1973 Robin Hood
64%
June 21, 1996 The Hunchback of Notre Dame
64%
May 29, 2009* Up
64%
November 5, 2004* The Incredibles
62%
June 22, 1977 The Rescuers
62%
June 21, 2002 Lilo & Stitch
60%
November 24, 2010 Tangled
60%
August 13, 1942 Bambi
58%
June 19, 2015* Inside Out
58%
November 2, 2001* Monsters, Inc.
58%
June 16, 2017* Cars 3
56%
February 5, 1953 Peter Pan
55%
June 18, 1999 Tarzan
55%
June 14, 2024* Inside Out 2
53%
June 21, 2013* Monsters University
51%
June 27, 2008* WALL-E
51%
November 22, 2017* Coco
49%
July 28, 1951 Alice in Wonderland
49%
November 2, 2012 Wreck-It Ralph
49%
March 4, 2016 Zootopia
49%
March 11, 1977 The Many Adventures of Winnie the Pooh
47%
November 16, 1990 The Rescuers Down Under
47%
February 9, 2024** Turning Red
47%
July 15, 2011 Winnie the Pooh
47%
November 25, 1998* A Bug's Life
45%
July 10, 1981 The Fox and the Hound
45%
December 25, 1963 The Sword in the Stone
45%
November 7, 2014 Big Hero 6
44%
June 15, 2018* Incredibles 2
44%
November 21, 2018 Ralph Breaks the Internet
44%
June 29, 2007* Ratatouille
44%
March 5, 2021 Raya and the Last Dragon
44%
July 24, 1985 The Black Cauldron
44%
December 17, 1999 Fantasia 2000
42%
January 12, 2024** Soul
42%
December 15, 2000 The Emperor's New Groove
42%
November 18, 1988 Oliver & Company
38%
March 22, 2024** Luca
36%
June 15, 2001 Atlantis: The Lost Empire
35%
November 22, 2023 Wish
35%
November 21, 2008 Bolt
33%
November 4, 2005 Chicken Little
33%
November 25, 2015* The Good Dinosaur
33%
March 30, 2007 Meet the Robinsons
31%
October 5, 1949 The Adventures of Ichabod and Mr. Toad
31%
November 27, 2002 Treasure Planet
31%
November 1, 2003 Brother Bear
29%
June 16, 2023* Elemental
29%
December 21, 1944 The Three Caballeros
29%
April 7, 1995* A Goofy Movie
27%
June 20, 2025* Elio
27%
November 23, 2022 Strange World
27%
July 2, 1986 The Great Mouse Detective
25%
April 2, 2004 Home on the Range
24%
June 17, 2022* Lightyear
22%
March 6, 2020* Onward
20%
September 27, 1947 Fun and Fancy Free
16%
August 9, 2013* Planes
16%
April 20, 1946 Make Mine Music
15%
May 27, 1948 Melody Time
13%
August 24, 1942 Saludos Amigos
13%
December 20, 2024 Mufasa: The Lion King
11%
February 14, 2003* The Jungle Book 2
11%
February 11, 2000 The Tigger Movie
11%
October 29, 1993* The Nightmare Before Christmas
9%
November 6, 2009 A Christmas Carol
5%
August 3, 1990* DuckTales the Movie: Treasure of the Lost Lamp
5%
October 5, 2012 Frankenweenie
5%
March 11, 2011 Mars Needs Moms
5%
March 21, 2003 Piglet's Big Movie
5%
April 14, 2006 The Wild
5%
February 11, 2011* Gnomeo & Juliet
4%
February 11, 2005* Pooh's Heffalump Movie
4%
February 16, 2001* Recess: School's Out
4%
February 15, 2002* Return to Never Land
4%
December 25, 2019* Spies in Disguise
4%
March 26, 1999* Doug's 1st Movie
2%
October 22, 2021* Ron's Gone Wrong
2%
January 23, 2015* Strange Magic
2%
January 16, 2004* Teacher's Pet
2%
July 10, 1987* The Brave Little Toaster
2%
July 18, 2014* Planes: Fire & Rescue
0%
May 27, 2022* The Bob's Burgers Movie
0%
August 19, 2005* Valiant
0%
July 17, 1943* Victory Through Air Power
0%
No matching quizzes found
Score Distribution
Percent of People with Each Score
Percentile by Number Answered
Your Score History
You have not taken this quiz since the last reset